[Event "FIDE Chesscom Grand Swiss 2019"]
[Site "Douglas-Isle of Man"]
[Date "2019.10.15"]
[Round "7.35"]
[White "Kashlinskaya, Alina"]
[Black "Kolbus, Dietmar"]
[Result "1-0"]
[WhiteElo "2481"]
[BlackElo "2300"]
[Annotator "ChessBase"]
[PlyCount "91"]
[EventDate "2019.10.10"]
[EventType "swiss"]
[EventCountry "GBR"]
[SourceTitle "playchess.com"]
[Source "ChessBase"]
[SourceQuality "1"]
[TimeControl "40/6000+30:20/3000+30:900+30"]

1. d4 {[%emt 0:00:00]} d5 {[%emt 0:00:00]} 2. c4 {[%emt 0:00:00]} e6 {[%emt 0:00:00]} 3. Nc3 {[%emt 0:00:00]} Be7 {[%emt 0:00:05]} 4. cxd5 {[%emt 0:00:09]} exd5 {[%emt 0:00:09]} 5. Bf4 {[%emt 0:00:12]} c6 {[%emt 0:00:15]} 6. e3 {[%emt 0:00:12]} Nf6 {[%emt 0:00:57]} 7. Bd3 {[%emt 0:01:35]} Nbd7 {[%emt 0:00:26]} 8. h3 {[%emt 0:05:24]} Nf8 {[%emt 0:01:12]} 9. Qc2 {[%emt 0:04:58]} Bd6 {[%emt 0:02:25]} 10. Bxd6 {[%emt 0:02:34]} Qxd6 {[%emt 0:00:04]} 11. Nf3 {[%emt 0:00:51]} Ng6 {[%emt 0:04:15]} 12. O-O-O {[%emt 0:10:56]} Be6 {[%emt 0:10:57]} 13. Kb1 {[%emt 0:00:19]} Rd8 {[%emt 0:11:26]} 14. g4 {[%emt 0:03:31]} Bc8 {[%emt 0:04:42]} 15. Ne2 {[%emt 0:06:32]} Ng8 {[%emt 0:08:05]} 16. Rdg1 {[%emt 0:17:41]} N8e7 {[%emt 0:00:58]} 17. Ng3 {[%emt 0:01:16]} Nf8 {[%emt 0:06:41]} 18. Re1 {[%emt 0:06:31]} Ne6 {[%emt 0:05:38]} 19. Rhg1 {[%emt 0:01:49]} g6 {[%emt 0:02:33]} 20. Qc3 {[%emt 0:02:29]} Rf8 {[%emt 0:03:22]} 21. Nd2 {[%emt 0:02:49]} f5 {[%emt 0:10:08]} 22. gxf5 {[%emt 0:00:50]} gxf5 {[%emt 0:01:25]} 23. Nf3 {[%emt 0:06:10]} f4 {[%emt 0:08:25]} 24. Nh5 {[%emt 0:02:06]} fxe3 {[%emt 0:00:32]} 25. Rxe3 {[%emt 0:00:25]} Nf4 {[%emt 0:06:34]} 26. Ng7+ {[%emt 0:08:49]} Kd7 {[%emt 0:00:28]} 27. Qa5 {[%emt 0:00:07]} Nxd3 {[%emt 0:01:30]} 28. Rxd3 {[%emt 0:00:51]} Ng6 {[%emt 0:01:59]} 29. Re3 {[%emt 0:00:51]} Qf6 {[%emt 0:09:42]} 30. Ne6 {[%emt 0:01:28]} Qf5+ {[%emt 0:04:19]} 31. Ka1 {[%emt 0:00:29]} Qxe6 {[%emt 0:01:13]} 32. Rxe6 {[%emt 0:00:04]} Rxf3 {[%emt 0:01:29]} 33. Rd6+ {[%emt 0:04:48]} Kxd6 {[%emt 0:00:07]} 34. Qxd8+ {[%emt 0:00:05]} Bd7 {[%emt 0:00:15]} 35. Qb8+ {[%emt 0:00:19]} Ke7 {[%emt 0:00:14]} 36. Qxb7 {[%emt 0:00:34]} Rxf2 {[%emt 0:01:19]} 37. Re1+ {[%emt 0:00:38]} Kd8 {[%emt 0:00:34]} 38. Qa8+ {[%emt 0:02:08]} Kc7 {[%emt 0:00:15]} 39. Qxa7+ {[%emt 0:00:05]} Kc8 {[%emt 0:00:16]} 40. a4 {[%emt 0:00:09]} Rf7 {[%emt 0:02:12]} 41. a5 {[%emt 0:50:45]} Be6 {[%emt 0:50:31]} 42. Qa8+ {[%emt 0:01:06]} Kd7 {[%emt 0:00:16]} 43. Qb7+ {[%emt 0:00:11]} Kd6 {[%emt 0:00:10]} 44. Qb8+ {[%emt 0:00:12]} Kd7 {[%emt 0:00:10]} 45. a6 {[%emt 0:00:06]} Rf8 {[%emt 0:00:16]} 46. a7 {[%emt 0:00:32]} 1-0

[Event "FIDE Chesscom Grand Swiss 2019"]
[Site "Douglas-Isle of Man"]
[Date "2019.10.15"]
[Round "7.36"]
[White "Clarke, Brandon G I"]
[Black "Movsziszian, Karen"]
[Result "1-0"]
[WhiteElo "2445"]
[BlackElo "2475"]
[Annotator "ChessBase"]
[PlyCount "71"]
[EventDate "2019.10.10"]
[EventType "swiss"]
[EventCountry "GBR"]
[SourceTitle "playchess.com"]
[Source "ChessBase"]
[SourceQuality "1"]
[TimeControl "40/6000+30:20/3000+30:900+30"]

1. e4 {[%emt 0:00:00]} g6 {[%emt 0:00:10]} 2. d4 {[%emt 0:00:00]} Bg7 {[%emt 0:00:11]} 3. Nf3 {[%emt 0:00:01]} d6 {[%emt 0:01:13]} 4. c3 {[%emt 0:00:18]} Nf6 {[%emt 0:00:42]} 5. Bd3 {[%emt 0:00:03]} O-O {[%emt 0:00:05]} 6. O-O {[%emt 0:00:20]} c5 {[%emt 0:00:29]} 7. h3 {[%emt 0:01:26]} Nc6 {[%emt 0:00:09]} 8. d5 {[%emt 0:04:57]} Na5 {[%emt 0:00:23]} 9. Nbd2 {[%emt 0:04:06]} b6 {[%emt 0:01:37]} 10. Re1 {[%emt 0:02:44]} e5 {[%emt 0:01:20]} 11. dxe6 {[%emt 0:03:28]} Bxe6 {[%emt 0:00:15]} 12. Ng5 {[%emt 0:03:00]} Bc8 {[%emt 0:01:37]} 13. Nc4 {[%emt 0:01:29]} Nc6 {[%emt 0:11:42]} 14. Bc2 {[%emt 0:06:53]} h6 {[%emt 0:02:32]} 15. Ba4 {[%emt 0:27:02]} Ne5 {[%emt 0:22:28]} 16. Nxe5 {[%emt 0:21:34]} dxe5 {[%emt 0:01:10]} 17. Qxd8 {[%emt 0:00:34]} Rxd8 {[%emt 0:00:02]} 18. Nf3 {[%emt 0:00:29]} Bb7 {[%emt 0:04:20]} 19. Nxe5 {[%emt 0:04:46]} Nxe4 {[%emt 0:04:22]} 20. Bf4 {[%emt 0:04:10]} g5 {[%emt 0:11:02]} 21. Bh2 {[%emt 0:00:09]} Rac8 {[%emt 0:23:20]} 22. Rad1 {[%emt 0:07:12]} Rxd1 {[%emt 0:00:53]} 23. Rxd1 {[%emt 0:00:20]} c4 {[%emt 0:00:23]} 24. Nxf7 {[%emt 0:02:30]} Nxf2 {[%emt 0:06:54]} 25. Rd7 {[%emt 0:03:56]} Bc6 {[%emt 0:04:43]} 26. Bxc6 {[%emt 0:00:20]} Rxc6 {[%emt 0:00:01]} 27. Nd8 {[%emt 0:00:51]} Rf6 {[%emt 0:00:33]} 28. Be5 {[%emt 0:00:50]} Nd3 {[%emt 0:00:04]} 29. Bxf6 {[%emt 0:00:15]} Bxf6 {[%emt 0:00:01]} 30. Nf7 {[%emt 0:02:13]} Nxb2 {[%emt 0:03:41]} 31. Nxh6+ {[%emt 0:00:13]} Kh8 {[%emt 0:00:01]} 32. Rxa7 {[%emt 0:01:25]} Bxc3 {[%emt 0:00:03]} 33. Kf1 {[%emt 0:00:44]} b5 {[%emt 0:00:15]} 34. Nf7+ {[%emt 0:00:33]} Kg8 {[%emt 0:00:06]} 35. Nxg5 {[%emt 0:00:13]} Bd2 {[%emt 0:00:56]} 36. Ne4 {[%emt 0:00:48]} 1-0

[Event "FIDE Chesscom Grand Swiss 2019"]
[Site "Douglas-Isle of Man"]
[Date "2019.10.15"]
[Round "7.37"]
[White "Soumya, Swaminathan"]
[Black "Cramling, Pia"]
[Result "1-0"]
[WhiteElo "2365"]
[BlackElo "2462"]
[Annotator "ChessBase"]
[PlyCount "87"]
[EventDate "2019.10.10"]
[EventType "swiss"]
[EventCountry "GBR"]
[SourceTitle "playchess.com"]
[Source "ChessBase"]
[SourceQuality "1"]
[TimeControl "40/6000+30:20/3000+30:900+30"]

1. d4 {[%emt 0:00:00]} Nf6 {[%emt 0:00:52]} 2. c4 {[%emt 0:00:00]} e6 {[%emt 0:01:51]} 3. Nf3 {[%emt 0:00:00]} d5 {[%emt 0:03:08]} 4. g3 {[%emt 0:01:23]} dxc4 {[%emt 0:05:01]} 5. Bg2 {[%emt 0:00:22]} a6 {[%emt 0:02:55]} 6. O-O {[%emt 0:02:13]} Nc6 {[%emt 0:01:47]} 7. e3 {[%emt 0:00:28]} Bd7 {[%emt 0:09:50]} 8. Qe2 {[%emt 0:11:21]} Bd6 {[%emt 0:01:39]} 9. Rd1 {[%emt 0:19:42]} Qe7 {[%emt 0:10:06]} 10. Qxc4 {[%emt 0:15:04]} O-O {[%emt 0:01:47]} 11. Qe2 {[%emt 0:06:53]} Rad8 {[%emt 0:07:39]} 12. Nc3 {[%emt 0:13:13]} h6 {[%emt 0:01:32]} 13. Bd2 {[%emt 0:06:51]} b5 {[%emt 0:05:22]} 14. Rdc1 {[%emt 0:04:32]} e5 {[%emt 0:13:35]} 15. d5 {[%emt 0:02:10]} Na5 {[%emt 0:08:56]} 16. Ne4 {[%emt 0:01:54]} Nc4 {[%emt 0:02:29]} 17. Nxd6 {[%emt 0:03:56]} Qxd6 {[%emt 0:05:42]} 18. e4 {[%emt 0:01:23]} c6 {[%emt 0:00:47]} 19. Bc3 {[%emt 0:07:36]} cxd5 {[%emt 0:00:14]} 20. b3 {[%emt 0:00:24]} d4 {[%emt 0:05:22]} 21. Bxd4 {[%emt 0:04:40]} exd4 {[%emt 0:00:09]} 22. bxc4 {[%emt 0:00:11]} Bc6 {[%emt 0:10:23]} 23. e5 {[%emt 0:00:15]} Qe7 {[%emt 0:00:29]} 24. cxb5 {[%emt 0:02:21]} Bxb5 {[%emt 0:00:03]} 25. Qb2 {[%emt 0:00:08]} Ng4 {[%emt 0:01:05]} 26. a4 {[%emt 0:00:12]} Be8 {[%emt 0:01:43]} 27. Qb6 {[%emt 0:01:55]} Rd5 {[%emt 0:03:07]} 28. Nxd4 {[%emt 0:01:06]} Rxe5 {[%emt 0:00:10]} 29. h3 {[%emt 0:01:17]} Nf6 {[%emt 0:00:32]} 30. Qxa6 {[%emt 0:01:04]} Ne4 {[%emt 0:00:53]} 31. Qb6 {[%emt 0:02:09]} Nc3 {[%emt 0:04:17]} 32. a5 {[%emt 0:00:36]} Na4 {[%emt 0:00:32]} 33. Nc6 {[%emt 0:00:31]} Bxc6 {[%emt 0:01:10]} 34. Qxc6 {[%emt 0:00:05]} Nc5 {[%emt 0:00:37]} 35. f4 {[%emt 0:00:34]} Rf5 {[%emt 0:00:51]} 36. g4 {[%emt 0:00:55]} Qe3+ {[%emt 0:00:43]} 37. Kh1 {[%emt 0:00:11]} Nd3 {[%emt 0:00:17]} 38. gxf5 {[%emt 0:00:09]} Nf2+ {[%emt 0:00:23]} 39. Kh2 {[%emt 0:00:10]} Qxf4+ {[%emt 0:00:11]} 40. Kg1 {[%emt 0:00:03]} Nd3 {[%emt 0:00:16]} 41. Rf1 {[%emt 0:51:01]} Qd4+ {[%emt 0:50:25]} 42. Kh1 {[%emt 0:01:29]} Nf2+ {[%emt 0:01:24]} 43. Kh2 {[%emt 0:00:00]} Rd8 {[%emt 0:00:00]} 44. Qf3 {[%emt 0:00:00]} 1-0

[Event "FIDE Chesscom Grand Swiss 2019"]
[Site "Douglas-Isle of Man"]
[Date "2019.10.15"]
[Round "7.38"]
[White "Iturrizaga Bonelli, Eduardo"]
[Black "Batsiashvili, Nino"]
[Result "1-0"]
[WhiteElo "2629"]
[BlackElo "2422"]
[Annotator "TA"]
[PlyCount "103"]
[EventDate "2019.10.10"]
[EventType "swiss"]
[EventCountry "GBR"]
[SourceTitle "playchess.com"]
[Source "ChessBase"]
[SourceQuality "1"]

{[%evp 9,129,-7,-7,-5,0,-11,6,-28,-29,-31,-11,-26,-8,-24,-4,-25,-24,-44,0,0,0,0,-11,-21,14,14,25,22,16,27,19,20,38,30,36,38,32,36,38,51,48,17,32,40,37,28,29,8,13,9,33,32,38,10,19,0,4,0,0,0,0,-22,0,-4,0,0,3,0,2,8,72,83,78,77,89,89,182,91,184,186,175,176,353,361,428,336,523,260,539,543,522,484,674,706,5907,1315,3768,1864,6514,6514,29973,29975,29976,29976,29979,29980,29985,29986,29986,29983,29983,29984,29984,29985,29985,29986,29986,29987,29988,29988,29988,29989]} 1. c4 e5 2. g3 Nf6 3. Bg2 Bc5 4. Nc3 c6 5. Na4 (5. e4 O-O 6. Nge2 d5 7. cxd5 cxd5 8. exd5 Na6 9. a3 Nc7 10. O-O Ncxd5 11. Nxd5 Nxd5 12. d4 exd4 13. Nxd4 Bb6 14. Qb3 Nf6 15. Rd1 Bxd4 16. Be3 Qb6 {0-1 (16) Shankland,S (2705)-Ding,L (2811) chess.com INT 2019}) 5... Be7 6. Nf3 {A23: English Opening: 1...e5 2 Nc3 Nf6 3 g3 c6} e4 7. Nd4 $1 d5 8. cxd5 {The position is equal.} Qxd5 $146 ({Predecessor:} 8... cxd5 9. O-O Nc6 10. Nxc6 bxc6 11. b3 Bf5 12. Bb2 O-O {1-0 (27) Urban,R-Schwarzmeier,R Cattolica 1993}) 9. Nc2 O-O 10. Nc3 Qe5 11. d4 exd3 $1 12. Qxd3 Na6 13. O-O Nb4 14. Nxb4 Bxb4 15. Bf4 Qh5 16. Rfd1 Bh3 17. Ne4 Nd5 18. Bxh3 Qxh3 19. Bd6 Bxd6 20. Nxd6 Qd7 21. Nf5 {aiming for e4.} Qe6 22. e4 Nf6 23. f3 g6 24. Ne3 h5 25. Kg2 Kg7 26. Qc3 Rfd8 27. a4 Kg8 28. Rd4 Rxd4 29. Qxd4 b6 30. Rd1 Re8 31. a5 bxa5 32. Nc4 h4 33. Rd2 c5 34. Qd3 a4 35. e5 Nh5 36. Qe4 hxg3 37. hxg3 Qe7 38. Qg4 {Threatening Rd7.} Rb8 39. Rd7 $36 {[%mdl 2048] White is pushing.} Qe6 {[#]} (39... Qe8 $1 $11 40. Rxa7 Ng7) 40. Qxe6 $1 $16 fxe6 {[%mdl 4096] Endgame KRN-KRN} 41. Rc7 Rb5 42. Kh3 Kf8 {[#]} (42... Rb3 $16) 43. Rxa7 (43. Nd6 $1 $18 {[%cal Rd6b5]} Rxb2 44. Rf7+ Kg8 45. g4) 43... Rb4 (43... Rb3 $16) 44. Nd6 Rxb2 45. Rxa4 {Hoping for g4.} Rf2 $2 (45... Rb3) 46. Kg4 $18 Rc2 47. Ra7 c4 (47... Rd2 {keeps fighting.} 48. Rf7+ Kg8) 48. Rf7+ Kg8 49. Rc7 Kf8 50. Ne4 Ng7 51. Kg5 Ne8 52. Ra7 {Played: Rc7-c8} 1-0

[Event "FIDE Chesscom Grand Swiss 2019"]
[Site "Douglas-Isle of Man"]
[Date "2019.10.15"]
[Round "7.39"]
[White "Bulmaga, Irina"]
[Black "Solomon, Kenny"]
[Result "0-1"]
[WhiteElo "2442"]
[BlackElo "2382"]
[Annotator "TA"]
[PlyCount "72"]
[EventDate "2019.10.10"]
[EventType "swiss"]
[EventCountry "GBR"]
[SourceTitle "playchess.com"]
[Source "ChessBase"]
[SourceQuality "1"]

{[%evp 21,136,15,12,0,32,26,27,8,10,7,20,12,17,4,29,22,36,37,31,-48,-37,-61,-42,-108,-43,-125,27,13,33,0,0,0,93,99,96,0,0,0,0,-201,-204,-194,-122,-200,-97,-677,-437,-431,-403,-450,-420,-412,-396,-418,-383,-402,-278,-287,-262,-330,-324,-293,-217,-450,-443,-504,-501,-489,-479,-515,-505,-522,-463,-538,-541,-663,-658,-675,-668,-944,0,-650,0,-960,-946,-936,-927,-895,-887,-976,-987,-831,-786,-977,-919,-1276,-1230,-1185,-879,-741,0,-1184,-1093,-1210,-914,-1147,-1147,-1086,-867,-29974,-29975,-29966,-5097,-29969,-29970,-29985,-29986]} 1. e4 c5 2. Nf3 d6 3. d4 cxd4 4. Nxd4 Nf6 5. Nc3 a6 6. Be3 e5 7. Nb3 Be6 8. f3 Be7 ({Predecessor:} 8... Nbd7 9. Qd2 b5 10. O-O-O Rc8 11. Kb1 Be7 12. g4 Nb6 13. g5 Nh5 14. Qf2 Nc4 15. Bxc4 bxc4 16. Nc5 O-O {½-½ (26) Soreghy,J (1883)-Sorcinelli,A (2124) LSS email 2011}) 9. Qd2 O-O 10. O-O-O Nbd7 11. g4 b5 12. Kb1 $146 {B90: Sicilian Najdorf: Unusual White 6th moves, 6 Be3 Ng4 and 6 Be3 e5} (12. g5 b4 13. Ne2 Nh5 14. Ng3 Nf4 15. h4 a5 16. Kb1 a4 17. Nc1 b3 18. cxb3 axb3 19. a3 Qc7 20. Bxf4 exf4 {1-0 (49) Dominguez Perez,L (2763)-Vachier Lagrave,M (2778) Saint Louis 2019}) 12... Nb6 13. g5 Nh5 14. Rg1 {White has an edge.} Rc8 15. Qf2 Nc4 16. Bxc4 $1 bxc4 17. Nc5 {[%mdl 64] Pin} Nf4 {White should prevent ...Nh3.} 18. Bxf4 exf4 19. Nxe6 (19. Nxa6 Qa5 $15) 19... fxe6 20. Qh4 (20. Qa7 $14) 20... Rc5 $15 21. Qg4 Re5 $1 22. h4 (22. Ne2 $1 $15) 22... Qb6 (22... Qa5 $1 $17 23. Rdf1 Kh8) 23. Ka1 (23. b3 $15) 23... Rb8 $2 ({Black should try} 23... d5 $17 {aiming for ...Bb4.} 24. exd5 Rb8) 24. Rb1 $11 Rf8 25. Rge1 Qf2 26. Ne2 Qe3 {[#]} (26... d5 $1 $11) 27. c3 $1 $16 {Nd4 is the strong threat.} Qb6 {[#]} 28. Nxf4 (28. Nd4 $1 $16) 28... Ra5 $1 $11 {[%cal Ra5a2]} 29. Qxe6+ Kh8 30. Ng6+ $2 (30. Qxc4 Rxf4 31. Qc8+ Qd8 $17) (30. b3 $11 cxb3 31. Rxb3) 30... hxg6 $19 31. Qxc4 Qb5 $40 {[%mdl 128] Black has strong attack.} ({Better is} 31... Rxf3 $19 32. Qe6 Qb5) 32. Qe6 (32. Qxb5 $17 {was worth a try.} Rxb5 33. Re3) 32... Qe8 (32... Rxf3 $19 {and Black stays clearly on top.} 33. e5 (33. Qxe7 $2 {gets mated.} Rxa2+ 34. Kxa2 Qa4#) 33... Qd5 34. Qxd5 Rxd5 35. exd6 Bxd6) 33. h5 $2 {[%mdl 8192]} (33. Rbd1 $17) 33... gxh5 {Hoping for ...d5.} 34. Rh1 Rxg5 35. Rh3 Qf7 36. Qd7 {[#]} Rg2 {Played: Rg5-a5} 0-1

[Event "FIDE Chesscom Grand Swiss 2019"]
[Site "Douglas-Isle of Man"]
[Date "2019.10.15"]
[Round "7.40"]
[White "Houska, Jovanka"]
[Black "Allen, Keith"]
[Result "1-0"]
[WhiteElo "2430"]
[BlackElo "2161"]
[Annotator "NA"]
[PlyCount "41"]
[EventDate "2019.10.10"]
[EventType "swiss"]
[EventCountry "GBR"]
[SourceTitle "playchess.com"]
[Source "ChessBase"]
[SourceQuality "1"]
[TimeControl "40/6000+30:20/3000+30:900+30"]

1. d4 {[%emt 0:00:00]} Nf6 {[%emt 0:00:00]} 2. Nf3 {[%emt 0:00:00]} e6 {[%emt 0:00:18]} 3. c4 {[%emt 0:00:08]} d5 {[%emt 0:00:18]} 4. Nc3 {[%emt 0:00:14]} Bb4 {[%emt 0:00:18]} 5. Qa4+ {[%emt 0:01:46]} Nc6 {[%emt 0:00:14]} 6. Bd2 {[%emt 0:00:05]} O-O {[%emt 0:05:32]} 7. a3 {[%emt 0:00:17]} Be7 {[%emt 0:05:10]} 8. e3 {[%emt 0:01:22]} a6 {[%emt 0:09:21]} 9. Qc2 {[%emt 0:04:08]} Re8 {[%emt 0:15:15]} 10. Bd3 {[%emt 0:11:35]} Rb8 {[%emt 0:09:37]} 11. cxd5 {[%emt 0:05:17]} exd5 {[%emt 0:00:10]} 12. Ne5 {[%emt 0:00:13]} Bd7 {[%emt 0:04:27]} 13. h3 {[%emt 0:09:03]} Bf8 {[%emt 0:08:47]} 14. f4 {[%emt 0:13:14]} Nxe5 {[%emt 0:05:36]} 15. dxe5 {[%emt 0:11:28]} Ne4 {[%emt 0:00:08]} 16. Nxe4 {[%emt 0:06:06]} dxe4 {[%emt 0:00:14]} 17. Bxe4 {[%emt 0:00:03]} Qh4+ {[%emt 0:00:35]} 18. Kf1 {[%emt 0:00:07]} Bb5+ {[%emt 0:04:09]} 19. Kg1 {[%emt 0:00:06]} Qg3 {[%emt 0:04:58]} 20. h4 {[%emt 0:06:24]} g6 {[%emt 0:06:42]} 21. Bf3 {[%emt 0:00:21]} 1-0

[Event "FIDE Chesscom Grand Swiss 2019"]
[Site "Douglas-Isle of Man"]
[Date "2019.10.15"]
[Round "7.41"]
[White "Dahl, Baard"]
[Black "Jansa, Vlastimil"]
[Result "0-1"]
[WhiteElo "2067"]
[BlackElo "2452"]
[Annotator "ChessBase"]
[PlyCount "106"]
[EventDate "2019.10.10"]
[EventType "swiss"]
[EventCountry "GBR"]
[SourceTitle "playchess.com"]
[Source "ChessBase"]
[SourceQuality "1"]
[TimeControl "40/6000+30:20/3000+30:900+30"]

1. d4 {[%emt 0:00:00]} Nf6 {[%emt 0:00:01]} 2. c4 {[%emt 0:00:00]} c5 {[%emt 0:00:55]} 3. d5 {[%emt 0:00:00]} e5 {[%emt 0:00:23]} 4. Nc3 {[%emt 0:00:48]} d6 {[%emt 0:00:37]} 5. e4 {[%emt 0:00:22]} Be7 {[%emt 0:00:16]} 6. Be2 {[%emt 0:00:22]} O-O {[%emt 0:00:25]} 7. Be3 {[%emt 0:09:56]} Nbd7 {[%emt 0:01:56]} 8. h3 {[%emt 0:02:23]} Ne8 {[%emt 0:01:35]} 9. Nf3 {[%emt 0:00:54]} g6 {[%emt 0:01:15]} 10. g4 {[%emt 0:00:38]} Ng7 {[%emt 0:00:51]} 11. Bh6 {[%emt 0:12:05]} Nf6 {[%emt 0:04:31]} 12. Qd2 {[%emt 0:16:56]} Kh8 {[%emt 0:04:43]} 13. O-O-O {[%emt 0:07:35]} Ng8 {[%emt 0:07:29]} 14. Rdg1 {[%emt 0:00:43]} Nxh6 {[%emt 0:04:56]} 15. Qxh6 {[%emt 0:00:07]} a6 {[%emt 0:01:02]} 16. h4 {[%emt 0:07:01]} f6 {[%emt 0:04:23]} 17. g5 {[%emt 0:10:15]} Nh5 {[%emt 0:23:31]} 18. gxf6 {[%emt 0:00:53]} Rxf6 {[%emt 0:01:00]} 19. Ng5 {[%emt 0:21:48]} Qg8 {[%emt 0:00:31]} 20. Bxh5 {[%emt 0:00:39]} Bf8 {[%emt 0:00:28]} 21. Qxh7+ {[%emt 0:00:06]} Qxh7 {[%emt 0:00:06]} 22. Nxh7 {[%emt 0:00:06]} Kxh7 {[%emt 0:00:22]} 23. Be2 {[%emt 0:00:12]} Rxf2 {[%emt 0:11:09]} 24. h5 {[%emt 0:01:13]} g5 {[%emt 0:04:41]} 25. Rf1 {[%emt 0:02:54]} Rf4 {[%emt 0:01:52]} 26. Bd1 {[%emt 0:03:12]} Bh6 {[%emt 0:14:34]} 27. Kc2 {[%emt 0:04:00]} Kg7 {[%emt 0:03:47]} 28. Kd3 {[%emt 0:00:40]} Bd7 {[%emt 0:01:39]} 29. Ne2 {[%emt 0:00:56]} Rxf1 {[%emt 0:00:46]} 30. Rxf1 {[%emt 0:00:02]} b5 {[%emt 0:01:27]} 31. b3 {[%emt 0:00:29]} Rg8 {[%emt 0:06:49]} 32. Ng3 {[%emt 0:00:19]} g4 {[%emt 0:00:18]} 33. Nf5+ {[%emt 0:03:01]} Bxf5 {[%emt 0:00:08]} 34. Rxf5 {[%emt 0:00:18]} g3 {[%emt 0:00:23]} 35. Bf3 {[%emt 0:00:15]} Rb8 {[%emt 0:02:19]} 36. Bg2 {[%emt 0:02:03]} bxc4+ {[%emt 0:00:10]} 37. Kxc4 {[%emt 0:00:44]} Rb4+ {[%emt 0:00:26]} 38. Kc3 {[%emt 0:00:08]} Bf4 {[%emt 0:01:12]} 39. Bf3 {[%emt 0:04:33]} Rd4 {[%emt 0:00:39]} 40. a3 {[%emt 0:00:21]} a5 {[%emt 0:00:40]} 41. h6+ {[%emt 0:13:37]} Bxh6 {[%emt 0:01:20]} 42. Rh5 {[%emt 0:00:17]} Bd2+ {[%emt 0:01:23]} 43. Kc2 {[%emt 0:00:19]} Bf4 {[%emt 0:02:09]} 44. Rh4 {[%emt 0:01:31]} Rd2+ {[%emt 0:01:16]} 45. Kc3 {[%emt 0:00:06]} Rf2 {[%emt 0:08:13]} 46. Bh1 {[%emt 0:09:53]} Kg6 {[%emt 0:05:48]} 47. b4 {[%emt 0:04:01]} cxb4+ {[%emt 0:05:10]} 48. axb4 {[%emt 0:00:06]} a4 {[%emt 0:00:40]} 49. Rg4+ {[%emt 0:01:53]} Kf7 {[%emt 0:01:44]} 50. Rh4 {[%emt 0:01:24]} a3 {[%emt 0:00:48]} 51. Rh7+ {[%emt 0:00:06]} Ke8 {[%emt 0:01:57]} 52. b5 {[%emt 0:01:05]} a2 {[%emt 0:01:44]} 53. Ra7 {[%emt 0:00:07]} Be3 {[%emt 0:01:37] Kd4} 0-1

[Event "FIDE Chesscom Grand Swiss 2019"]
[Site "Douglas-Isle of Man"]
[Date "2019.10.15"]
[Round "7.42"]
[White "Atalik, Ekaterina"]
[Black "Nebolsina, Vera"]
[Result "1-0"]
[WhiteElo "2464"]
[BlackElo "2252"]
[Annotator "ChessBase"]
[PlyCount "81"]
[EventDate "2019.10.10"]
[EventType "swiss"]
[EventCountry "GBR"]
[SourceTitle "playchess.com"]
[Source "ChessBase"]
[SourceQuality "1"]
[TimeControl "40/6000+30:20/3000+30:900+30"]

1. b3 {[%emt 0:00:00]} e5 {[%emt 0:02:38]} 2. Bb2 {[%emt 0:00:00]} d6 {[%emt 0:01:31]} 3. e3 {[%emt 0:00:27]} Nf6 {[%emt 0:02:01]} 4. d4 {[%emt 0:01:02]} Nbd7 {[%emt 0:09:50]} 5. c4 {[%emt 0:01:35]} g6 {[%emt 0:10:16]} 6. Nf3 {[%emt 0:02:03]} Qe7 {[%emt 0:01:21]} 7. Be2 {[%emt 0:01:20]} Bg7 {[%emt 0:00:14]} 8. Nc3 {[%emt 0:00:59]} O-O {[%emt 0:03:56]} 9. O-O {[%emt 0:02:37]} e4 {[%emt 0:01:12]} 10. Nd2 {[%emt 0:01:01]} Re8 {[%emt 0:00:42]} 11. Qc2 {[%emt 0:04:07]} c6 {[%emt 0:04:19]} 12. Rae1 {[%emt 0:02:36]} Nf8 {[%emt 0:02:49]} 13. f3 {[%emt 0:09:36]} exf3 {[%emt 0:03:35]} 14. Bxf3 {[%emt 0:01:29]} Ne6 {[%emt 0:00:45]} 15. Nce4 {[%emt 0:13:51]} Nxe4 {[%emt 0:01:21]} 16. Bxe4 {[%emt 0:00:35]} Bd7 {[%emt 0:21:35]} 17. Bd3 {[%emt 0:06:00]} Rac8 {[%emt 0:03:46]} 18. b4 {[%emt 0:10:16]} d5 {[%emt 0:18:18]} 19. Qb3 {[%emt 0:00:59]} Ng5 {[%emt 0:07:10]} 20. cxd5 {[%emt 0:26:34]} cxd5 {[%emt 0:00:09]} 21. e4 {[%emt 0:08:52]} Nh3+ {[%emt 0:08:04]} 22. Kh1 {[%emt 0:01:14]} Bh6 {[%emt 0:00:07]} 23. Nf3 {[%emt 0:01:12]} Nf4 {[%emt 0:00:06]} 24. exd5 {[%emt 0:04:30]} Qd6 {[%emt 0:00:06]} 25. Rxe8+ {[%emt 0:01:31]} Bxe8 {[%emt 0:01:16]} 26. Bc1 {[%emt 0:01:03]} Nxd3 {[%emt 0:04:53]} 27. Bxh6 {[%emt 0:00:06]} Bb5 {[%emt 0:00:22]} 28. a3 {[%emt 0:07:03]} Bc4 {[%emt 0:00:49]} 29. Qc3 {[%emt 0:00:22]} b6 {[%emt 0:00:23]} 30. Ng5 {[%emt 0:00:48]} f5 {[%emt 0:00:45]} 31. Nf3 {[%emt 0:00:42]} Ba6 {[%emt 0:00:10]} 32. Qd2 {[%emt 0:00:09]} Qxd5 {[%emt 0:00:18]} 33. Rd1 {[%emt 0:00:39]} Qb3 {[%emt 0:00:13]} 34. Kg1 {[%emt 0:00:35]} Nf2 {[%emt 0:01:20]} 35. Rc1 {[%emt 0:00:40]} Ne4 {[%emt 0:00:05]} 36. Rxc8+ {[%emt 0:00:30]} Bxc8 {[%emt 0:00:03]} 37. Qc1 {[%emt 0:00:13]} Ba6 {[%emt 0:00:56]} 38. h3 {[%emt 0:00:52]} Nc3 {[%emt 0:00:54]} 39. Qg5 {[%emt 0:00:28]} Kf7 {[%emt 0:00:40]} 40. Qd8 {[%emt 0:00:28]} Ne4 {[%emt 0:00:19]} 41. Qd7+ {[%emt 0:50:27]} 1-0